000
00224nam a22000857a 4500
008
161205b xxu||||| |||| 00| 0 eng d
100
_9
1813
_a
NCERT
245
_a
Apactwith the sum english for -VI
260
_a
NEW DELHI
_b
NCERT
_c
2006
999
_c
4556
_d
4556